000 00590nam a2200217 i 4500
001 bgj
100 1 _aTHALMANN, Marianne.
245 1 0 _aLudwig Tieck :
_bder romantische Weltmann aus Berlin /
_cMarianne Thalmann.
260 _aMünchen :
_bLehnen Verlag,
_ccop. 1955.
300 _a143, [1] s. ;
_c18 cm.
490 1 _aDalp-Taschenbücher
_vBd. 318
504 _aIndeks.
650 9 _aLiteratura niemiecka
830 _aDalp-Taschenbücher
040 _cBPK
041 0 _ager
044 _aDEU
080 _a821.112.2
942 _cKS
008 s gw f |000 0 ger
999 _c50922
_d50922
856 _uhttp://koha.tu.koszalin.pl/cgi-bin/koha/opac-detail.pl?biblionumber=50922
_yKatalog online BPK